Capital budgeting practices in India: a study of selected companies (Record no. 11271)

MARC details
000 -LEADER
fixed length control field 00528nam a2200193Ia 4500
082 ## - DEWEY DECIMAL CLASSIFICATION NUMBER
Classification number TA.0260
100 ## - MAIN ENTRY--AUTHOR NAME
Personal name Anjana
245 #0 - TITLE STATEMENT
Title Capital budgeting practices in India: a study of selected companies
260 ## - PUBLICATION, DISTRIBUTION, ETC. (IMPRINT)
Year of publication 2000
Name of publisher Guru Nanak Dev University
300 ## - PHYSICAL DESCRIPTION
Number of Pages 179p.
650 ## - SUBJECT ADDED ENTRY--TOPICAL TERM
Topical Term CORPORATIONS - FINANCE - INDIA
650 ## - SUBJECT ADDED ENTRY--TOPICAL TERM
Topical Term FINANCE - INDIA
650 ## - SUBJECT ADDED ENTRY--TOPICAL TERM
Topical Term ECONOMICS///RISK
650 ## - SUBJECT ADDED ENTRY--TOPICAL TERM
Topical Term RISK - INDIA
650 ## - SUBJECT ADDED ENTRY--TOPICAL TERM
Topical Term CAPITAL BUDGET - INDIA
650 ## - SUBJECT ADDED ENTRY--TOPICAL TERM
Topical Term UNCERTAINTY///RISK
710 ## - ADDED ENTRY--CORPORATE NAME
Corporate name or jurisdiction name as entry element Subhash Chander
942 ## - ADDED ENTRY ELEMENTS (KOHA)
Koha item type Thesis
Source of classification or shelving scheme Dewey Decimal Classification
Holdings
Withdrawn status Lost status Damaged status Not for loan Home library Current library Date acquired Bill Date Full call number Accession Number Price effective from Koha item type
        NASSDOC Library NASSDOC Library 08/10/2004 2004-10-05 TA.0260 38426 18/04/2019 Thesis